000 00557nam a2200181 i 4500
001 28434
003 ES-MaACL
005 20250815000204.0
007 t|
008 030117q19001999fr ||||1| fre d
100 1 _aBainville, Jacques,
_d1879-1936
_924735
245 1 0 _aVie de Napoleón /
_cJacques Bainville.
260 _aParis :
_bFlammarion,
_c[19--?] (
_fImp. E. Desfosses)
300 _a64 p. :
_bil. ;
_c23 cm.
600 0 4 _aNapoleón
_bI
_c, Emperador de Francia.
_984910
852 _aES-MaACL
_j1810-F-9
999 _c28434
_d28434